Chlorination of vulcanized SBR rubber by immersion or brushing in TCI solutions (Record no. 55575)

MARC details
000 -LEADER
fixed length control field 00654nam a2200217Ia 4500
100 ## - MAIN ENTRY--AUTHOR NAME
Personal name Romero-Sanchez M D
245 #0 - TITLE STATEMENT
Title Chlorination of vulcanized SBR rubber by immersion or brushing in TCI solutions
260 ## - PUBLICATION, DISTRIBUTION, ETC. (IMPRINT)
Name of publisher Journal of Adhesion Science and Technology
Year of publication 2001
300 ## - PHYSICAL DESCRIPTION
Number of Pages 1601-1619
650 ## - SUBJECT ADDED ENTRY--TOPICAL TERM
Topical Term Application procedure
650 ## - SUBJECT ADDED ENTRY--TOPICAL TERM
Topical Term Contact angle measurements
650 ## - SUBJECT ADDED ENTRY--TOPICAL TERM
Topical Term Infrared spectra
650 ## - SUBJECT ADDED ENTRY--TOPICAL TERM
Topical Term Peel strength
650 ## - SUBJECT ADDED ENTRY--TOPICAL TERM
Topical Term Rubber
650 ## - SUBJECT ADDED ENTRY--TOPICAL TERM
Topical Term SEM
650 ## - SUBJECT ADDED ENTRY--TOPICAL TERM
Topical Term Surface treatment by halogenation
700 ## - ADDED ENTRY--PERSONAL NAME
Personal name Martin-Martinez J M
700 ## - ADDED ENTRY--PERSONAL NAME
Personal name Pastor-Blas M M
942 ## - ADDED ENTRY ELEMENTS (KOHA)
Koha item type Journals
Holdings
Withdrawn status Lost status Damaged status Not for loan Home library Current library Shelving location Date acquired Serial Enumeration / chronology Koha item type
      Journals RRII Library RRII Library Rubber chemistry 30/01/2002 Volume 15, Issue 13 Journals